000 00675nam a2200193Ia 4500
003 GCL
008 140319s9999 xx 000 0 ara d
040 _aGCL /
_cGCL
082 0 4 _a606
_bا م
100 1 _aمحمد كامل محمود
245 1 0 _aالجهاز القومى للبحث العلمى فى جمهورية مصر العربية : نشأتة وتطورة وانجازاتة /
_cمحمد كامل محمود
700 1 _aابوالفتوح عبداللطيف
300 _aمتعدد
490 _a
650 0 4 _aالمؤسسات العامة
650 0 4 _aالهيئات
650 0 4 _aالجهاز القومى للبحث العلمى
942 _2ddc
_cBK
999 _c39766
_d39766